Can You Name Every Vocaloid? - Statistics

General Stats
  • This quiz has been taken 1,048 times
  • The average score is 23 of 50
Answer Stats
Hint Answer % Correct
Miku Hatsune
99%
Len Kagamine
97%
Rin Kagamine
97%
KAITO
93%
Luka Megurine
91%
MEIKO
89%
Gumi
85%
Gakupo Kamui
73%
IA
60%
Oliver
58%
LEON
54%
Yuki Kaai
54%
LOLA
53%
Lily
52%
Piko Utatane
48%
SeeU
47%
Sweet Ann
46%
VY2
46%
SF-A2 Miki
45%
VY1
44%
Big Al
43%
MAYU
43%
Yukari Yuzuki
42%
Kiyoteru Hiyama
40%
Lapis Aoki
40%
MIRIAM
39%
Iroha Nekomura
38%
Gachapoid
37%
YOHIOloid
35%
Bruno
34%
MEW
34%
SONiKA
34%
CUL
33%
Clara
32%
Galaco
32%
MAIKA
32%
Prima
32%
Anon
31%
Kanon
30%
Tianyi Luo
30%
Tonio
30%
Macne Nana
29%
Rion Tone
29%
Merli
28%
Avanna
27%
YUU
27%
Kokone
25%
KYO
23%
WIL
22%
Yan He
20%
No matching quizzes found
Score Distribution
Percent of People with Each Score
Percentile by Number Answered
Your Score History
You have not taken this quiz